An introduction to quantum stochastic calculus

Αποθηκεύτηκε σε:
Λεπτομέρειες βιβλιογραφικής εγγραφής
Κύριος συγγραφέας: Parthasarathy, K.R
Μορφή: Βιβλίο
Γλώσσα:English
Δημοσίευση: Switzerland : Birkhauser, [2012], c1992
Σειρά:Modern Birkhauser classics
Θέματα:
Ετικέτες: Προσθήκη ετικέτας
Δεν υπάρχουν, Καταχωρήστε ετικέτα πρώτοι!

MARC

LEADER 00000nam a2200000 i 4500
001 1/64741
008 150122r20121992 eng d
020 |a 978-3-0348-0565-0 
035 |l 10120642 
040 |a GR-MY-UA  |b gre  |e aacr 
041 0 |a eng 
082 0 |a 519.23  |2 (23) 
100 1 |a Parthasarathy, K.R. 
245 1 3 |a An introduction to quantum stochastic calculus /  |c K.R. Parthasarathy 
260 |a Switzerland :   |b Birkhauser,   |c [2012], c1992 
300 |a xi, 290 σ.;  |c 24 εκ. 
490 1 |a Modern Birkhauser classics 
500 |a "Ανατύπωση της έκδοσης του 1992" 
504 |a Βιβλιογραφία: σ.275-282. Ευρετήρια 
650 0 0 |a Stochastic processes. 
650 0 0 |a Quantum theory. 
650 0 0 |a Mathematical physics. 
830 0 |a Modern Birkhauser classics 
852 |a INST  |b SAMOS  |e 20150122  |h 519.23 PAR  |p 005300041355  |q 005300041355  |t BK  |y 0 
901 |a BIBL3-2015-1 
909 |a Σ  |b 189332 
922 |a 3ΕΛΗ  |b 201405  |c ΤΜΗΜΑ ΜΑΘΗΜΑΤΙΚΩΝ  |d ΔΙΑΔΡΟΜΕΣ 
970 |a ΚΟΣΙΕΡΗΣ  |b ΧΡΗΣΤΟΣ  |z 2015/01/22